000 00647nam a2200277Ia 4500
005 20260320195729.0
008 008 262003s9999 xx 000 0 hin d
020 _a9789395737005
037 _aEBOOK
040 _aCRL
040 _bhin
040 _cCRL
041 _2hin
041 _ahin
084 _qCRL
100 _aपंकज बिष्ट
_91132948
245 0 _aपंखवाली नाव
250 _a1st
260 _bRajkamal
260 _c2022
300 _a128
856 _uhttps://ebook.indiaread.in/pdfs/298_pankhwali_naav.pdf
942 _cEBOOK
999 _c1716173
_d1716173